Inventario turístico de Palmares (Registro nro. 6571)
[ vista simple ]
| 000 -LEADER | |
|---|---|
| fixed length control field | 00599nmm a22002297a 4500 |
| 005 - DATE AND TIME OF LATEST TRANSACTION | |
| control field | 20170209115354.0 |
| 008 - FIXED-LENGTH DATA ELEMENTS--GENERAL INFORMATION | |
| fixed length control field | 150727b xxu||||| |||| 00| 0 spa d |
| 041 ## - LANGUAGE CODE | |
| Language code of text/sound track or separate title | Español |
| 082 ## - DEWEY DECIMAL CLASSIFICATION NUMBER | |
| Classification number | GT 28-A |
| 100 ## - MAIN ENTRY--AUTHOR NAME | |
| Personal name | Amador, Paola |
| 100 ## - MAIN ENTRY--AUTHOR NAME | |
| Personal name | Goméz, Steven |
| 100 ## - MAIN ENTRY--AUTHOR NAME | |
| Personal name | Pérez, Sofia |
| 100 ## - MAIN ENTRY--AUTHOR NAME | |
| Personal name | Pessoa, Mery Ann |
| 100 ## - MAIN ENTRY--AUTHOR NAME | |
| Personal name | Rodríguez, Astrid |
| 245 ## - TITLE STATEMENT | |
| Title | Inventario turístico de Palmares |
| 260 ## - PUBLICATION, DISTRIBUTION, ETC. (IMPRINT) | |
| Year of publication | 2014 |
| 502 ## - DISSERTATION NOTE | |
| Dissertation note | |
| 650 ## - SUBJECT ADDED ENTRY--TOPICAL TERM | |
| Topical Term | PALMARES |
| 650 ## - SUBJECT ADDED ENTRY--TOPICAL TERM | |
| Topical Term | COSTA RICA |
| 650 ## - SUBJECT ADDED ENTRY--TOPICAL TERM | |
| Topical Term | ATRACTIVOS TURÍSTICOS |
| 942 ## - ADDED ENTRY ELEMENTS (KOHA) | |
| Koha item type | Disco Compacto |
| Withdrawn status | Lost status | Damaged status | Not for loan | Home library | Current library | Date acquired | Precio de compra | Total Checkouts | Full call number | Accession Number | Date last seen | Price effective from | Koha item type |
|---|---|---|---|---|---|---|---|---|---|---|---|---|---|
| Departamento de Biblioteca y Documentación Alfonso Chase Brenes | Departamento de Biblioteca y Documentación Alfonso Chase Brenes | 09/02/2017 | 62720.00 | GT 28-A | GT28-A | 09/02/2017 | 09/02/2017 | Disco Compacto |